Ciencia ficción : selección /

Uloženo v:
Podrobná bibliografie
Další autoři: Sellings, Arthur (autor) (autor), Nelson, Ray (autor) (autor), Porges, Arthur (autor) (autor), Zamyatin, Yevgeni (autor) (autor), Meadows, Patrick (autor) (autor), Schmitz, James H. (autor) (autor), Runyon, Charles W. (autor) (autor), Frabetti, Carlo (presentación) (presentación)
Médium: Kniha
Jazyk:španělština
Vydáno: Barcelona, España : Bruguera, 1975, c1975
Edice:(Libro Amigo ; 330)
Témata:
Tagy: Přidat tag
Žádné tagy, Buďte první, kdo vytvoří štítek k tomuto záznamu!

MARC

LEADER 00000nam^a2200000^a^4500
001 000564051
005 20250521000000.0
009 20260310132018.633
020 |a 84-02-04427-1 
037 |a Acervo ITESO - Biblioteca 
041 |a ESP 
082 |a 808. 838762  |b CIE V. 18 
240 1 1 |a [Ciencia ficción: selección] 
245 0 0 |a Ciencia ficción :  |b selección /  |c A. Sellings... [et al.] ; presen. de C. Frabetti ; tr. por J. Piñeiro, I. Rived, I. Roger. 
246 2 |a Título en la cubierta: Ciencia ficción: antologías 
264 4 |a Barcelona, España :  |b Bruguera,  |c 1975, c1975 
300 |a 189 p. 
336 |a texto  |b txt  |2 rdacontenido 
337 |a sin mediación  |b n  |2 rdamedio 
338 |a volumen  |b nc  |2 rdasoporte 
440 1 |a (Libro Amigo ;  |v 330) 
500 |a Traducción de: The Legend and the Chemistry 
500 |a Traducción de: The Great Cosmic Donut of Life 
500 |a Traducción de: Turning Point 
500 |a Traducción de: The Cave 
500 |a Traducción de: Pater One Pater Two 
500 |a Traducción de: Attitudes 
500 |a Traducción de: Dream Patrol 
649 |a XX 
650 |a Novela Norteamericana 
650 |a Novela Rusa 
650 |a Literatura Norteamericana -  |y Siglo XX 
650 |a Literatura Rusa -  |y Siglo XX 
650 |a Literatura de Ciencia-Ficción -  |z EUA 
650 |a Literatura de Ciencia-Ficción -  |z Rusia 
700 |a Sellings, Arthur  |e (autor) 
700 |a Nelson, Ray  |e (autor) 
700 |a Porges, Arthur  |e (autor) 
700 |a Zamyatin, Yevgeni  |e (autor) 
700 |a Meadows, Patrick  |e (autor) 
700 |a Schmitz, James H.  |e (autor) 
700 |a Runyon, Charles W.  |e (autor) 
700 |a Frabetti, Carlo  |e (presentación) 
740 3 |a La leyenda y la química /  |c A. Sellings. 
740 3 |a La gran risquilla cósmica /  |c R. Nelson. 
740 0 |a Punto de inflexión /  |c A. Porges. 
740 3 |a La cueva /  |c Y. Zamyatin. 
740 0 |a Pater uno, pater dos /  |c P. Meadows. 
740 0 |a Actitudes /  |c J.H. Schmitz. 
740 3 |a La patrulla del sueño /  |c C.W. Runyon. 
910 |a Fondo Salvador Reynoso Reynoso 
920 |a Impresos - Libros 
930 |a Fondos Especiales 
940 |a Literatura 
905 |a 112 
901 |a 0500400093  |b IT2  |c ESP  |i 06936  |u 20250521 
902 |a https://opac.biblio.iteso.mx/vufind/Record/000564051